Catálogo

Anne of Windy Poplars / (Registro nro. 37940)

Detalles MARC
000 -LEADER
fixed length control field 00926cam a2200277 i 4500
001 - CONTROL NUMBER
control field 37940
003 - CONTROL NUMBER IDENTIFIER
control field Mx-PuUPA
005 - DATE AND TIME OF LATEST TRANSACTION
control field 20240219101320.0
008 - FIXED-LENGTH DATA ELEMENTS--GENERAL INFORMATION
fixed length control field 140415s1987 nyub jr 000 fdeng d
020 ## - INTERNATIONAL STANDARD BOOK NUMBER
International Standard Book Number 0553213164
040 ## - CATALOGING SOURCE
Transcribing agency Mx-PuUPA
Original cataloging agency Mx-PuUPA
Language of cataloging spa
Modifying agency Mx-PuUPA
Description conventions rda
041 0# - LANGUAGE CODE
Language code of text/sound track or separate title eng
100 1# - MAIN ENTRY--PERSONAL NAME
Personal name Montgomery, L.M.,
Relator term autor
245 10 - TITLE STATEMENT
Title Anne of Windy Poplars /
Statement of responsibility, etc. L.M. Montgomery
250 ## - EDITION STATEMENT
Edition statement Bantam classic edition /
Remainder of edition statement Special collector's edition
264 ## - PRODUCTION, PUBLICATION, DISTRIBUTION, MANUFACTURE, AND COPYRIGHT NOTICE
Place of production, publication, distribution, manufacture New York, NY :
Name of producer, publisher, distributor, manufacturer Bantam Books,
Date of production, publication, distribution, manufacture, or copyright notice 1987
300 ## - PHYSICAL DESCRIPTION
Extent 258 páginas, 16 páginas sin numerar :
Other physical details mapas ;
Dimensions 16 cm
336 ## - CONTENT TYPE
Fuente rdacontent
Content type term texto
Content type code txt
337 ## - MEDIA TYPE
Source rdamedia
Media type term sin medio
Media type code n
338 ## - CARRIER TYPE
Source rdacarrier
Carrier type term volumen
Carrier type code nc
490 0# - SERIES STATEMENT
Series statement The Anne of green gables novels ;
Volume/sequential designation 4
600 14 - SUBJECT ADDED ENTRY--PERSONAL NAME
Personal name Shirley, Anne (Personaje ficticio)
Form subdivision Novela juvenil
942 ## - ADDED ENTRY ELEMENTS (KOHA)
Source of classification or shelving scheme Dewey Decimal Classification
Koha item type Libro
Classification part 813.54
Item part M734
Existencias
Withdrawn status Lost status Source of classification or shelving scheme Damaged status Not for loan Collection code Home library Current library Shelving location Date acquired Serial Enumeration / chronology Total Checkouts Full call number Barcode Date last seen Price effective from Koha item type
    Dewey Decimal Classification     General Angelópolis Angelópolis Sala general 19/02/2024 t.4   813.54 M734 1987 965000000170 19/02/2024 19/02/2024 Libro